Normal view
MARC view
- Zhao, Wenxiang.
Entry Personal Name
001 - CONTROL NUMBER
- control field: 55607
003 - CONTROL NUMBER IDENTIFIER
- control field: OSt
005 - DATE AND TIME OF LATEST TRANSACTION
- control field: 20240401094634.0
008 - FIXED-LENGTH DATA ELEMENTS
- fixed length control field: 240401|| aca||aabn | a|a d
040 ## - CATALOGING SOURCE
- Original cataloging agency: OSt
- Transcribing agency: OSt
100 ## - HEADING--PERSONAL NAME
- Personal name: Zhao, Wenxiang.
- Relator term: author.
670 ## - SOURCE DATA FOUND
- Source citation: Work cat.: (OSt): Chen, Qian. author. 55604, Remedy strategy for five-phase FTPMMs under single-phase short-circuit fault by injecting harmonic currents from third space /, September 2022.
